Os Bazar Main (Record no. 292497)
[ view plain ]
| 000 -LEADER | |
|---|---|
| fixed length control field | 00248 a2200109 4500 |
| 001 - CONTROL NUMBER | |
| control field | 57424 |
| 082 ## - DEWEY DECIMAL CLASSIFICATION NUMBER | |
| Classification number | 363.44 KAS |
| 090 ## - LOCALLY ASSIGNED LC-TYPE CALL NUMBER (OCLC); LOCAL CALL NUMBER (RLIN) | |
| -- | 35154 |
| -- | 35154 |
| 100 ## - MAIN ENTRY--PERSONAL NAME | |
| Personal name | Shorash Kashmiri |
| 245 ## - TITLE STATEMENT | |
| Title | Os Bazar Main |
| 260 ## - PUBLICATION, DISTRIBUTION, ETC. | |
| Place of publication, distribution, etc. | Lahore |
| Name of publisher, distributor, etc. | Al Faisal Nashran |
| Date of publication, distribution, etc. | 1994 |
| 942 ## - ADDED ENTRY ELEMENTS (KOHA) | |
| Institution code [OBSOLETE] | NUST-CAE |
| Call number prefix | 363.44 KAS |
| Withdrawn status | Lost status | Damaged status | Not for loan | Collection code | Permanent Location | Current Location | Date acquired | Total Checkouts | Full call number | Barcode | Date last seen | Price effective from | Koha item type |
|---|---|---|---|---|---|---|---|---|---|---|---|---|---|
| College of Aeronautical Engineering (CAE) | College of Aeronautical Engineering (CAE) | 04/03/2017 | 363.44 KAS | CAE63129 | 04/05/2017 | 04/05/2017 | Book |
